| 000 | 00417nam a2200169Ia 4500 | ||
|---|---|---|---|
| 001 | 29928 | ||
| 003 | IN-NITTTR | ||
| 005 | 20251114233406.0 | ||
| 008 | 251113s9999||||xx |||||||||||||| ||eng|| | ||
| 040 | _beng | ||
| 040 | _cIN-NITTTR | ||
| 041 | _aeng | ||
| 082 | _a37015 G69M | ||
| 100 | _aGoswami, Marami | ||
| 245 | 0 |
_aMeasurement and evaluation in psychology and education / _cGoswami, Marami |
|
| 942 |
_2ddc _cBK |
||
| 999 |
_c32556 _d32556 |
||